000 00241 a2200109 4500
001 63431
082 _a823 ARC
090 _c37489
_d37489
100 _aArcher, J
245 _aShall we Tell the President?
_hEnglish
260 _bCoronet Books
942 _aCAE NUST
_k823 ARC
999 _c298504
_d298504